| 000 | 00505nam a2200181 i 4500 | ||
|---|---|---|---|
| 001 | 175334 | ||
| 003 | ES-MaACL | ||
| 005 | 20230906215812.0 | ||
| 007 | t| | ||
| 008 | 101022s1991 sp ||||1| spa d | ||
| 020 | _a950-05-0649-1 | ||
| 080 | _a821.134.2(82)-14"19" | ||
| 100 | 1 |
_aMolinari, Ricardo E. _9143709 |
|
| 245 | 1 | 3 |
_aEl viento de la luna / _cRicardo E. Molinari. |
| 260 |
_aBs. As. [i.e. Buenos Aires] : _bCorregidor, _c1991. |
||
| 300 |
_a63 p. ; _c20 cm. |
||
| 852 |
_aES-MaACL _j2260-F-26 |
||
| 999 |
_c175334 _d175334 |
||